000 00536nam a2200181Ia 4500
003 OSt
005 20200813132035.0
008 190216s9999||||xx |||||||||||||| ||und||
020 _a8122411428
040 _coclc
082 _a541.22
_bRED/S
100 _aReddy, K Veera
_94110
245 0 _aSymmetry And Spectroscopy Of Molecules /
_cK Veera Reddy
260 _bNew Age International Publishers,
_c1999.
_aNew Delhi:
300 _a684p
650 _aChemistry
942 _cBK
_2ddc
_h541.22
_iRED/S
_k541.22
_mRED/S
999 _c2941
_d2941